Premier League XIs (2010-11) Quiz Stats

Quiz Updated Jul 21, 2013

Challenge
Share
Tweet
Embed
Score 0/220 Timer 20:00
0 Plays Today
% Correct
Wayne Rooney
82.8%
Robin Van Persie
81.3%
Petr Cech
80.4%
Ashley Cole
79.2%
Stephen Carr
79.1%
Carlton Cole
79%
Didier Drogba
78.4%
John Terry
78.1%
Steven Gerrard
77.7%
Frank Lampard
77.6%
Edwin Van der Sar
76.6%
Fernando Torres
76.5%
Joe Hart
75.3%
Rio Ferdinand
74.8%
Pepe Reina
74.8%
Anton Ferdinand
74.5%
Glen Johnson
74.1%
Roger Johnson
74%
Cesc Fabregas
73.2%
Nemanja Vidic
73%
Tim Howard
71.8%
Carlos Tevez
70.2%
Dimitar Berbatov
69.8%
Ryan Giggs
69.7%
Patrice Evra
67.5%
Brad Friedel
66.8%
Charlie Adam
66%
Nicolas Anelka
65.9%
Gael Clichy
65.6%
Jamie Carragher
65%
Yaya Toure
64.9%
Kolo Toure
64.7%
Samir Nasri
64.7%
Ashley Young
64.6%
Bacary Sagna
64.6%
Luke Young
64.4%
Nani
64.1%
Tim Cahill
64.1%
Gary Cahill
64%
Michael Carrick
63.7%
Darren Fletcher
62.8%
Steven Fletcher
62.8%
Peter Crouch
62.4%
Phil Jones
60.6%
Kenwyne Jones
60.5%
Gareth Bale
60%
Vincent Kompany
59.9%
Branislav Ivanovic
59.8%
Florent Malouda
59.4%
Paul Robinson
58.9%
Paul Robinson
58.9%
Michael Essien
58.9%
David Silva
57.6%
Heurelho Gomes
57.1%
Ben Foster
56.8%
Gabriel Agbonlahor
56.3%
Alexandre Song
56.2%
Phil Neville
55.6%
Gareth Barry
55.4%
Kevin Davies
55.1%
Simon Davies
55%
Matthew Taylor
54.2%
Andrei Arshavin
53.3%
John Obi Mikel
53%
John O'Shea
53%
Leighton Baines
52.6%
DJ Campbell
52.5%
James Milner
52.2%
Martin Skrtel
52.2%
Luka Modric
51.4%
Dirk Kuyt
51%
Tim Krul
51%
Mark Schwarzer
49%
Michael Dawson
48.8%
% Correct
David Dunn
48.7%
Robert Green
48.5%
Jack Wilshere
48.5%
Laurent Koscielny
48%
Phil Jagielka
47.8%
Stewart Downing
47.4%
Kevin Nolan
47.2%
Richard Dunne
46.9%
Rafael Van der Vaart
46.8%
Clint Dempsey
46.5%
Lucas
46.5%
Mikel Arteta
45.7%
Joey Barton
43.7%
Scott Parker
43.6%
Stiliyan Petrov
43.4%
Aaron Lennon
43.1%
Pablo Zabaleta
43%
Aleksandar Kolarov
42.5%
William Gallas
41.1%
Christopher Samba
40.1%
Brede Hangeland
40%
Sylvain Distin
39.8%
James Collins
39.4%
Danny Collins
39.3%
Wojciech Szczesny
39%
Ryan Shawcross
39%
Asmir Begovic
38.7%
Ali Al Habsi
38.3%
Benoit Assou-Ekotto
38.2%
Jussi Jaaskelainen
37.3%
Marouane Fellaini
37.3%
Cameron Jerome
36.9%
Johan Djourou
36.8%
Ramires
36.8%
Scott Dann
36.5%
Shola Ameobi
36%
Danny Murphy
35.8%
Jose Enrique
35.8%
Fabricio Coloccini
35.6%
Nigel De Jong
35.6%
Rory Delap
35.3%
Damien Duff
35%
Leon Osman
34.9%
Maxi Rodriguez
34.6%
Robert Huth
34.2%
Sebastian Larsson
33.7%
Kevin Doyle
33.3%
Asamoah Gyan
33.3%
Gary Taylor-Fletcher
33.2%
Scott Carson
33%
Johan Elmander
32%
Peter Odemwingie
31.2%
Morten Gamst Pedersen
30.4%
Seamus Coleman
30%
Charles N'Zogbia
29.8%
Simon Mignolet
29.7%
Roman Pavlyuchenko
29.5%
Alan Hutton
29.5%
Stephen Warnock
29.5%
Hugo Rodallega
28.7%
Aaron Hughes
28.6%
Jordan Henderson
28.5%
Matthew Etherington
28.2%
Raul Meireles
28%
Chris Brunt
27.9%
Wayne Hennessey
27%
Craig Gardner
26.7%
Lee Bowyer
26.4%
Jonas Gutierrez
26.4%
Richard Kingson
26.3%
Mark Noble
26.3%
Matthew Upson
26.1%
Liam Ridgewell
25.8%
Karl Henry
25.5%
% Correct
Jonathan Walters
25.5%
Barry Ferguson
25.3%
Nigel Reo-Coker
25%
Moussa Dembele
24.8%
Jermaine Pennant
24.8%
Cheik Tiote
24.5%
Danny Simpson
24.5%
Marc Albrighton
24.4%
Paul Konchesky
24%
Lee Cattermole
23.8%
David Vaughan
23.7%
Martin Olsson
23.3%
Jonas Olsson
23.3%
Kieran Richardson
22.7%
Matthew Jarvis
22.6%
Zat Knight
22.6%
Johnny Heitinga
22.3%
James McCarthy
21.6%
Mike Williamson
21.2%
Michel Salgado
20.9%
Ryan Nelsen
20.8%
Ian Evatt
20.6%
Peter Lovenkrands
20.1%
Chung-Yong Lee
19.6%
Stuart Holden
19.3%
El Hadji Diouf
19%
Fabrice Muamba
18.9%
Chris Baird
18.8%
Gary Caldwell
18.2%
James Morrison
18%
Phil Bardsley
18%
Titus Bramble
17.2%
Gael Givet
16.1%
Maynor Figueroa
14.7%
Marc Wilson
14.5%
Craig Cathcart
14.5%
Ben Watson
14.5%
James Tomkins
14.4%
Dean Whitehead
14.3%
Luke Varney
14.2%
Gretar Steinsson
13.9%
Brett Emerton
13.8%
Jerome Thomas
13.7%
Hendry Thomas
13.7%
George Elokobi
13.7%
Dickson Etuhu
13.6%
Steed Malbranque
13.2%
Stephen Crainey
13.2%
Youssuf Mulumbu
12.5%
Carlos Salcido
11.8%
Frederic Piquionne
11.6%
Stephen Ward
11.3%
Paul Scharner
10.8%
Antolin Alcaraz
10.3%
Christophe Berra
10.1%
Mohamed Diame
9.3%
Neil Eardley
9.3%
Richard Stearman
9.1%
Keith Fahey
9.1%
Nicky Shorey
8.4%
Luis Boa Morte
7.9%
Danny Gabbidon
7.4%
Victor Obinna
7.2%
Elliot Grandin
7.2%
Kevin Foley
7.2%
Nenad Milijas
6.8%
Gonzalo Jara
6.3%
Nedum Onuoha
5.9%
Ahmed Elmohamady
5.8%
Gabriel Tamas
5.4%
Lars Jacobsen
4.2%
Steve Gohouri
3.7%

You're not logged in!

Compare scores with friends on all Sporcle quizzes.
Sign Up with Email
OR
Log In

You Might Also Like...

Show Comments

Extras

Top Quizzes Today


Score Distribution

Your Account Isn't Verified!

In order to create a playlist on Sporcle, you need to verify the email address you used during registration. Go to your Sporcle Settings to finish the process.

Report this User

Report this user for behavior that violates our Community Guidelines.

Details: